Manual de costos y precios para la exportación (Registro nro. 1990)

Detalles MARC
000 -LEADER
fixed length control field 00918 a2200193 4500
001 - CONTROL NUMBER
control field 29957
005 - DATE AND TIME OF LATEST TRANSACTION
control field 20260407155610.0
008 - FIXED-LENGTH DATA ELEMENTS--GENERAL INFORMATION
fixed length control field 260407a1979 arg spa d
003 - CONTROL NUMBER IDENTIFIER
control field AR-UNSa-BCEJYS
040 ## - CATALOGING SOURCE
Original cataloging agency AR-UNSa-BCEJYS
Language of cataloging spa
Transcribing agency AR-UNSa-BCEJYS
080 ## - UNIVERSAL DECIMAL CLASSIFICATION NUMBER
Universal Decimal Classification number 657.47
Common auxiliary subdivision Contabilidad de Costos
100 1# - MAIN ENTRY--PERSONAL NAME
Personal name Fratalocchi, Aldo
245 10 - TITLE STATEMENT
Title Manual de costos y precios para la exportación
264 #1 - PRODUCTION, PUBLICATION, DISTRIBUTION, MANUFACTURE, AND COPYRIGHT NOTICE
Place of production, publication, distribution, manufacture Buenos Aires :
Name of producer, publisher, distributor, manufacturer Cangallo
Date of production, publication, distribution, manufacture, or copyright notice 1979
300 ## - PHYSICAL DESCRIPTION
Extent 422 p.
Dimensions 23 cm.
505 ## - FORMATTED CONTENTS NOTE
Formatted contents note Parte I - 1. Introducción - 2. Cálculo de costos y precios - 3. Análisis de los rubros de la planilla de cálculo - 4. Cálculo del ajuste compensador - 5. Casos prácticos para el cálculo de costos y precios - Parte II Importación - 1. Cálculo del costo - 2. Análisis de los rubros de la planilla de cálculo - 3. Parte III Papeles de trabajo y normas complementarias -
590 ## - LOCAL NOTE (RLIN)
Local note niveau_biblio:m niveau_hierar:0
942 ## - ADDED ENTRY ELEMENTS (KOHA)
Koha item type
Existencias
Withdrawn status Lost status Damaged status Not for loan Home library Current library Shelving location Date acquired Total checkouts Full call number Barcode Date last seen Price effective from Koha item type
        Biblioteca Prof. Eusebio Cleto del Rey Biblioteca Prof. Eusebio Cleto del Rey   07/04/2026   657.47 F844 L33903 07/04/2026 07/04/2026 Libro